[Event "Invitation"]
[Site "http://www.queenalice.com/game.php?id=1507065"]
[Date "2017.12.7"]
[Round "-"]
[White "stefancorr"]
[Black "AStephanou"]
[Result "1-0"]
[WhiteElo "1100"]
[BlackElo "1500"]

1. c3 e5 2. d4 Qf6 3. e3 exd4 4. exd4 Bd6 5. g3 Ne7 6. Na3 Bxa3 7. bxa3 Qc6 8.
Qf3 O-O 9. h4 Qxf3 10. Nxf3 Re8 11. Bc4 d5 12. Bb3 Nbc6 13. Bf4 Nf5+ 14. Kf1 Nd6
15. Re1 Rxe1+ 16. Kxe1 Ne7 17. Bxd6 cxd6 18. Kd2 Be6 19. Re1 Nc6 20. Ng5 Re8 21.
Bxd5 Nd8 22. f4 h6 23. Nxe6 fxe6 24. Bc4 Kf8 25. d5 Kf7 26. g4 g6 27. f5 gxf5
28. Rf1 Kf6 29. dxe6 Nxe6 30. Rxf5+ Ke7 31. g5 Rf8 32. Bxe6 Rxf5 33. Bxf5 hxg5
34. hxg5 Kf7 35. c4 b6 36. a4 Kg7 37. Kd3 Kf7 38. Kd4 Ke7 39. Kd5 Kf7 40. Kxd6
Ke8 41. a5 bxa5 42. c5 Kf8 43. c6 Ke8 44. g6 a4 45. c7 a3 46. c8=Q# 1-0

[Event "Invitation"]
[Site "http://www.queenalice.com/game.php?id=1514098"]
[Date "2018.1.30"]
[Round "-"]
[White "stefancorr"]
[Black "AStephanou"]
[Result "0-1"]
[WhiteElo "1100"]
[BlackElo "1500"]

1. e4 e5 2. Nc3 Nc6 3. Bc4 a6 4. Qf3 Nf6 5. Nd5 Nd4 6. Qd3 c6 7. Nxf6+ Qxf6 8.
c3 Ne6 9. b4 Nf4 10. Qf3 d5 11. exd5 b5 12. Bb3 Bb7 13. g3 Nxd5 14. Qe2 Bd6 15.
d4 Nxc3 16. Qd3 exd4 17. Ne2 Bxb4 18. Nxd4 Ne4+ 19. Bd2 Bxd2+ 20. Kd1 Nxf2+ 21.
Kc2 Nxd3 22. Kxd3 Bb4 23. a3 Be7 24. Rae1 O-O 25. Nc2 c5 26. Rhf1 c4+ 27. Bxc4
bxc4+ 28. Kxc4 Rac8+ 29. Kd3 Qd6+ 30. Nd4 Qxa3+ 31. Ke2 Qb2+ 32. Kd3 Qc3+ 33.
Ke2 Qxd4 34. Rf4 Rc2+ 35. Kf1 Bg2# 0-1

[Event "Invitation"]
[Site "http://www.queenalice.com/game.php?id=1522441"]
[Date "2018.4.5"]
[Round "-"]
[White "stefancorr"]
[Black "AStephanou"]
[Result "0-1"]
[WhiteElo "1100"]
[BlackElo "1500"]

1. c4 e5 2. e4 Bc5 3. Qf3 Nc6 4. Nc3 Nd4 5. Qd3 c6 6. Na4 b6 7. Nf3 Qf6 8. Nxd4
Bxd4 9. Qf3 Qxf3 10. gxf3 Nf6 11. d3 Ba6 12. Rg1 O-O 13. Bg5 Nh5 14. Bh3 f6 15.
Bh6 Rf7 16. Be3 b5 17. cxb5 Bxb5 18. Nc5 Bxc5 19. Bxc5 Nf4 20. Bf1 Bxd3 21. Be3
Bxf1 22. Bxf4 exf4 23. Kxf1 Rb8 24. b3 g5 25. h4 h6 26. Rd1 Kh7 27. Rh1 Rb5 28.
Rd6 a5 29. hxg5 Rxg5 30. Rh4 Kg7 31. Rxf4 Rh5 32. Rf5 Rxf5 33. exf5 Kf8 34. Rd4
Re7 35. Ra4 Re5 36. Rf4 h5 37. a4 Kg7 38. Kg2 Kh6 39. Kg3 Kg5 40. Rd4 Re7 41. b4
axb4 42. Rxb4 Re5 0-1

[Event "Invitation"]
[Site "http://www.queenalice.com/game.php?id=1533333"]
[Date "2018.7.2"]
[Round "-"]
[White "AStephanou"]
[Black "stefancorr"]
[Result "1/2-1/2"]
[WhiteElo "1500"]
[BlackElo "1100"]

1. e4 e5 2. b3 d6 3. g3 Nf6 4. Bg2 c5 5. c4 Na6 6. Bb2 Qa5 7. Bc3 Qb6 8. d3 h5
9. Nf3 Bg4 10. h3 Bxf3 11. Qxf3 Nb4 12. Qe2 Qa6 13. Bxb4 cxb4 14. Qd2 Qb6 15. a4
a5 16. Qe3 Qxe3+ 17. fxe3 h4 18. g4 g5 19. Nd2 Nd7 20. d4 exd4 21. exd4 Bg7 22.
Nf3 Nc5 23. Nxg5 Bxd4 24. Rb1 Nd3+ 25. Kd2 Nf4 26. Bf1 Bc3+ 27. Ke3 Ne6 28. Nf3
Rc8 29. Rd1 Ke7 30. Be2 Nc5 31. Rb1 Rce8 32. Bd3 Kd7 33. Rhf1 Re7 34. Rf2 Rhe8
35. Nd2 Bxd2+ 36. Kxd2 Rxe4 37. Rxf7+ R8e7 38. Rf3 Rd4 39. Kc2 d5 40. Rd1 Kd6
41. cxd5 Rxd5 42. Bc4 Rxd1 43. Kxd1 Kc6 44. Rf6+ Kc7 45. Rh6 Re3 46. Rxh4 Nxb3
47. Bxb3 Rxb3 48. Kc2 Ra3 49. g5 Rg3 50. Rh5 Kd7 51. h4 Ke6 52. g6 Rxg6 53. Rxa5
Rh6 54. Rb5 Rxh4 55. a5 Kd6 56. Rxb7 Kc6 57. a6 Rh8 58. Rxb4 Ra8 59. Ra4 Kb6 60.
Kb3 Rxa6 61. Rxa6+ Kxa6 62. Kb4 Kb6 63. Kc4 Kc6 64. Kb4 1/2-1/2

[Event "Invitation"]
[Site "http://www.queenalice.com/game.php?id=1544098"]
[Date "2018.9.29"]
[Round "-"]
[White "stefancorr"]
[Black "AStephanou"]
[Result "0-1"]
[WhiteElo "1100"]
[BlackElo "1500"]

1. c4 d5 2. cxd5 Qxd5 3. f4 e5 4. fxe5 Qxe5 5. Nf3 Qf6 6. Qa4+ Bd7 7. Qe4+ Be7
8. Qxb7 Bc6 9. Qxc7 Na6 10. Qe5 Qg6 11. Nd4 Bd7 12. Qd5 Rb8 13. Na3 Nf6 14. Qe5
Ng4 15. Qg3 Qh5 16. h3 Bh4 17. hxg4 Bxg3+ 18. Kd1 Qxh1 19. Kc2 Qxf1 20. Rb1 Qxg2
21. d3 Nb4+ 22. Kd2 Bf4+ 23. Kc3 Be5 24. Ra1 Qxe2 25. Bf4 Qxd3# 0-1

[Event "Invitation"]
[Site "http://www.queenalice.com/game.php?id=1544434"]
[Date "2018.10.1"]
[Round "-"]
[White "stefancorr"]
[Black "AStephanou"]
[Result "0-1"]
[WhiteElo "1100"]
[BlackElo "1500"]

1. e4 e5 2. Qf3 Nf6 3. Bc4 Nc6 4. Nc3 Nd4 5. Qd3 c6 6. Nf3 Nxf3+ 7. Qxf3 d6 8.
d3 Qb6 9. b3 Be7 10. a3 Qd4 11. Bd2 b5 12. Qe3 Qxe3+ 13. Bxe3 bxc4 14. bxc4 O-O
15. f3 Bd8 16. Kd2 Ba5 17. g4 Bxg4 18. fxg4 Nxg4 19. Rag1 Bxc3+ 20. Kxc3 Nxe3
21. Kd2 Nxc4+ 22. dxc4 c5 23. h4 h5 24. Rg5 g6 25. Rf1 Kg7 26. Ke2 Rab8 27. Rd1
Rfd8 28. Rg3 Rb6 29. Rb3 Ra6 30. Rf1 Rd7 31. Kd1 Kf8 32. Kc1 Ra4 33. Rc3 Rb7 34.
Rf6 Ke7 35. Rff3 Ke6 36. Kd2 Rb1 37. Rb3 Rg1 38. Rb7 Rg2+ 39. Kc1 f6 40. Kb2
Rxc4 41. Rc3 Rxe4 42. Rxa7 Rxh4 43. Ra6 c4 44. a4 Rg1 45. a5 Kd5 46. Rb6 Rhh1
47. Rb5+ Kd4 48. Rb4 Rb1+ 49. Ka3 Ra1+ 50. Kb2 Rhb1# 0-1

[Event "Invitation"]
[Site "http://www.queenalice.com/game.php?id=1556843"]
[Date "2019.1.15"]
[Round "-"]
[White "AStephanou"]
[Black "stefancorr"]
[Result "1-0"]
[WhiteElo "1500"]
[BlackElo "1100"]

1. e4 e5 2. b3 Nf6 3. d3 c6 4. Bb2 d6 5. Be2 h5 6. h4 g6 7. Nf3 Bh6 8. Bc1 Ng4
9. O-O f5 10. Nc3 f4 11. g3 fxg3 12. fxg3 Be3+ 13. Kg2 Qb6 14. Qe1 Rf8 15. Nd1
Bxc1 16. Rxc1 Ne3+ 17. Nxe3 Qxe3 18. Qf2 Qh6 19. Qe1 Bg4 20. Ng5 Nd7 21. Bxg4
hxg4 22. Rxf8+ Qxf8 23. Ne6 Qh8 24. Nc7+ Ke7 25. Nxa8 Qxa8 26. Qe3 d5 27. Qg5+
Kf7 28. Rf1+ Kg7 29. Qe7+ Kg8 30. Qxd7 dxe4 31. Rf7 Qf8 32. Rxf8+ Kxf8 33. dxe4
a5 34. Qxb7 a4 35. b4 1-0

[Event "Invitation"]
[Site "http://www.queenalice.com/game.php?id=1564032"]
[Date "2019.3.12"]
[Round "-"]
[White "stefancorr"]
[Black "AStephanou"]
[Result "0-1"]
[WhiteElo "1100"]
[BlackElo "1500"]

1. e3 e5 2. Nc3 d5 3. d4 e4 4. f3 Bb4 5. fxe4 Bxc3+ 6. bxc3 dxe4 7. g3 Nf6 8.
Bh3 Bd7 9. Bxd7+ Qxd7 10. h3 Qb5 11. Rh2 O-O 12. Ba3 Re8 13. Qe2 Qa5 14. Bb4 Qb6
15. g4 Nd5 16. a3 a5 17. Qc4 Nxe3 18. Qe2 Nd5 19. Bc5 Qb2 20. Rd1 Nxc3 21. Qd2
Nxd1 22. Kxd1 Qb1+ 23. Qc1 Qxc1+ 24. Kxc1 b6 25. Bxb6 cxb6 26. c4 Nc6 27. Ne2 a4
28. d5 Na5 29. d6 Nxc4 30. Nd4 Nxd6 31. Rd2 e3 32. Rb2 Re4 33. Rb4 e2 34. Nxe2
Rxe2 35. Rxb6 Nc4 36. Rb4 Nxa3 37. g5 Rh2 38. Rh4 Re8 39. Rd4 Rb8 40. Rd8+ Rxd8
41. g6 Rc2# 0-1

[Event "Invitation"]
[Site "http://www.queenalice.com/game.php?id=1569669"]
[Date "2019.5.3"]
[Round "-"]
[White "stefancorr"]
[Black "AStephanou"]
[Result "1-0"]
[WhiteElo "1100"]
[BlackElo "1500"]

1. Nc3 e6 2. e4 Bb4 3. Nf3 Bxc3 4. dxc3 Nf6 5. Bd3 h6 6. O-O d6 7. c4 e5 8. h3
c5 9. c3 Nh5 10. Nh2 Nf6 11. f4 exf4 12. Bxf4 Nc6 13. Ng4 Bxg4 14. hxg4 g5 15.
Bh2 Qd7 16. Rxf6 Qe7 17. Rf2 O-O-O 18. a3 f6 19. b4 cxb4 20. axb4 b6 21. Bg3 Qf7
22. Raa2 h5 23. gxh5 Qxh5 24. Qxh5 Rxh5 25. Rxf6 g4 26. Bxd6 Rdh8 27. Rf8+ Rxf8
28. Bxf8 Ne5 29. Be2 Kb7 30. Bg7 Rg5 31. Bxe5 Rxe5 32. Bxg4 Rxe4 33. Bf3 Kb8 34.
Bxe4 b5 35. c5 a6 36. Rxa6 Kc7 37. g4 Kd8 38. g5 Kc8 39. g6 Kb8 40. g7 Kc8 41.
g8=Q+ Kd7 42. Qf7+ Kc8 43. Ra8# 1-0

[Event "Invitation"]
[Site "http://www.queenalice.com/game.php?id=1583221"]
[Date "2019.9.12"]
[Round "-"]
[White "AStephanou"]
[Black "stefancorr"]
[Result "0-1"]
[WhiteElo "1500"]
[BlackElo "1100"]

1. e4 e5 2. c4 Bc5 3. Qf3 Qf6 4. Qxf6 Nxf6 5. d3 d6 6. Bg5 Nc6 7. Nd2 Nb4 8. Kd1
Bxf2 9. Ngf3 Bg4 10. Be2 Bxf3 11. Bxf3 Nxd3 12. Rb1 Bd4 13. b3 Nf2+ 0-1

[Event "Invitation"]
[Site "http://www.queenalice.com/game.php?id=1634612"]
[Date "2020.11.28"]
[Round "-"]
[White "stefancorr"]
[Black "AStephanou"]
[Result "0-1"]
[WhiteElo "1100"]
[BlackElo "1500"]

1. b4 e5 2. a3 e4 3. e3 d5 4. d4 Nc6 5. c3 Nf6 6. f3 h5 7. h3 h4 8. g4 exf3 9.
Qxf3 Ne4 10. Bd2 Ng3 11. Rh2 Qd6 12. c4 dxc4 13. Nc3 Nxf1 14. Qxf1 Qxh2 15. Nf3
Qg3+ 16. Ke2 Be6 17. d5 Bxd5 18. Nxd5 Qd6 19. Ng5 Qxd5 20. Bc3 Qxg5 21. b5 Qxb5
22. Rb1 Qa6 23. Ra1 Qa4 24. Qc1 O-O-O 25. e4 f6 26. Rb1 Bxa3 27. Bb2 Bc5 28. Ra1
Qb3 29. Ba3 Nd4+ 30. Kf1 Qxh3+ 31. Kf2 Qf3+ 32. Kg1 Ne2+ 33. Kh2 Qg3+ 34. Kh1
Qh3# 0-1

[Event "Invitation"]
[Site "http://www.queenalice.com/game.php?id=1636564"]
[Date "2020.12.16"]
[Round "-"]
[White "AStephanou"]
[Black "stefancorr"]
[Result "1-0"]
[WhiteElo "1500"]
[BlackElo "1100"]

1. e4 e5 2. a4 Nc6 3. c3 g6 4. Bb5 b6 5. Bxc6 dxc6 6. Qf3 Ne7 7. Na3 h5 8. Nc4
Bg4 9. Qg3 Bg7 10. h3 Be6 11. Ne3 h4 12. Qf3 f5 13. exf5 gxf5 14. Qe2 c5 15. Ra3
a6 16. c4 c6 17. d3 f4 18. Nc2 Qd7 19. Nf3 Bf6 20. Nxe5 Bxe5 21. Qxe5 Rf8 22. f3
Rc8 23. O-O a5 24. Re1 Bf5 25. Qxf4 Bxd3 26. Qd2 Bf5 27. Qxd7+ Kxd7 28. Na1 Ng6
29. Rd1+ Kc7 30. Re3 Rcd8 31. Rde1 Kd7 32. Rd1+ Kc7 33. Rde1 Rf7 34. Kf2 Kc8 35.
Rb3 Rb7 36. g4 Bd7 37. Ra3 Be8 38. Bg5 Rd4 39. Rxe8+ Rd8 40. Rxd8+ Kc7 41. Rad3
Nf8 42. Bf4# 1-0

[Event "Invitation"]
[Site "http://www.queenalice.com/game.php?id=1642497"]
[Date "2021.2.3"]
[Round "-"]
[White "stefancorr"]
[Black "AStephanou"]
[Result "0-1"]
[WhiteElo "1100"]
[BlackElo "1500"]

1. b3 e5 2. Nf3 Qf6 3. d4 d6 4. a4 Bg4 5. h3 Bxf3 6. gxf3 exd4 7. Bb2 Nc6 8. e3
Ne5 9. Bg2 Qh4 10. Qxd4 Qxd4 11. Bxd4 Nc6 12. Bc3 d5 13. Kf1 O-O-O 14. h4 d4 15.
Bh3+ Kb8 16. exd4 Nxd4 17. Bxd4 Rxd4 18. Be6 fxe6 19. Kg2 Be7 20. Kg3 h5 21. f4
Nh6 22. f3 Nf5+ 23. Kf2 Bc5 24. Re1 Rxa4+ 25. Kf1 Rxa1 26. b4 Bxb4 27. Rd1 Ne3+
28. Ke2 Nxd1 29. Kxd1 Rd8+ 30. Kc1 Bd2+ 31. Kb2 Ra4 32. Nxd2 Rxd2 33. Kc3 Rf2
34. Kb3 b5 35. c4 Rxf3+ 36. Kb2 Rb4+ 37. Kc2 Rxc4+ 38. Kd2 Ra4 39. Ke2 Rb3 40.
Kd2 Ra2+ 41. Kc1 Rh3 42. Kb1 Rg2 43. Kc1 Rh1# 0-1

[Event "Invitation"]
[Site "http://www.queenalice.com/game.php?id=1644286"]
[Date "2021.2.20"]
[Round "-"]
[White "stefancorr"]
[Black "AStephanou"]
[Result "0-1"]
[WhiteElo "1100"]
[BlackElo "1500"]

1. c4 d5 2. Qa4+ c6 3. cxd5 Qxd5 4. e4 Qc5 5. d4 Qxc1+ 6. Qd1 Qxb2 7. Nd2 Qxd4
8. f3 e5 9. Rc1 Bb4 10. Rc2 Nf6 11. Ne2 Qe3 12. a3 Bc5 13. Rc3 Qf2# 0-1

[Event "Invitation"]
[Site "http://www.queenalice.com/game.php?id=1645784"]
[Date "2021.3.6"]
[Round "-"]
[White "stefancorr"]
[Black "AStephanou"]
[Result "0-1"]
[WhiteElo "1100"]
[BlackElo "1500"]

1. b4 e5 2. a3 Qf6 3. Ra2 Nh6 4. Nf3 e4 5. Ng1 Ng4 6. Nh3 d6 7. Nc3 Qe6 8. e3 g6
9. f3 Nf6 10. Nf4 Qe7 11. g3 c6 12. fxe4 Nxe4 13. Nxe4 Qxe4 14. Rg1 Bh6 15. Bb2
Be6 16. Bxh8 Bxa2 17. Bd3 Qe7 18. h4 Bxf4 19. gxf4 Qxh4+ 20. Kf1 Nd7 21. Qg4
Qxg4 22. Rxg4 h5 23. Rh4 Be6 24. e4 O-O-O 25. Bb2 Nb6 26. Bf6 Re8 27. f5 Bc4 28.
Be2 gxf5 29. Rxh5 Rxe4 30. Rh8+ Kd7 31. d3 Rf4+ 32. Ke1 Ba2 33. Rh4 Rxh4 34.
Bxh4 Nd5 35. Kd2 b5 36. c3 f4 37. Bg4+ Kc7 38. Kc1 Bb3 39. Kb2 Ba4 40. d4 Ne3
41. Be2 d5 42. Bg5 Ng2 43. Bf3 Ne1 44. Be2 f3 45. Bf1 Bd1 46. Kc1 Be2 47. Kd2
Ng2 48. Bxe2 fxe2 49. Kxe2 f6 50. Kf2 fxg5 51. Kxg2 Kd6 52. Kg3 Ke6 53. Kg4 Kf6
54. Kh5 Kf5 55. Kh6 g4 56. Kh5 g3 57. Kh4 Kf4 58. Kh5 g2 59. Kg6 g1=Q+ 60. Kf6
Qe1 61. Kf7 Qe4 62. Kf6 Qe8 63. Kg7 Kf5 64. Kh6 Qg6# 0-1

[Event "Invitation"]
[Site "http://www.queenalice.com/game.php?id=1758787"]
[Date "2021.5.6"]
[Round "-"]
[White "stefancorr"]
[Black "AStephanou"]
[Result "0-1"]
[WhiteElo "1100"]
[BlackElo "1500"]

1. g3 b6 2. Bg2 c6 3. Nc3 e6 4. b3 Qf6 5. Nf3 Bb7 6. Bb2 Bb4 7. Rb1 Bxc3 8. Bxc3
Qh6 9. h4 f6 10. e3 Qh5 11. Qe2 c5 12. d4 Qf5 13. Rd1 Nh6 14. dxc5 Qxc5 15. Qd3
Qh5 16. Qe2 O-O 17. O-O Ba6 18. Rd3 Bxd3 19. cxd3 Nc6 20. a4 Rac8 21. e4 Rfe8
22. Qe3 Qf7 23. b4 e5 24. Rb1 Qa2 25. Ra1 Qe6 26. Nh2 Qb3 27. Qc1 Nb8 28. Qa3
Rxc3 29. Qxb3+ Rxb3 30. Bf1 Rxb4 31. f3 Rc8 32. Ng4 Nxg4 33. fxg4 Nc6 34. g5 Nd4
35. Ra3 Rc2 36. a5 Nf3+ 37. Kh1 Rh2# 0-1

[Event "Challenge"]
[Site "http://www.queenalice.com/game.php?id=1773571"]
[Date "2021.10.30"]
[Round "-"]
[White "stefancorr"]
[Black "AStephanou"]
[Result "0-1"]
[WhiteElo "1100"]
[BlackElo "1500"]

1. Nf3 d5 2. Nd4 e5 3. Nf3 e4 4. Ng1 Bc5 5. e3 Nh6 6. Nc3 Bb4 7. Nb1 Qf6 8. f3
O-O 9. a3 Bc5 10. c3 Re8 11. a4 a5 12. d4 Bd6 13. g3 Qg5 14. Nh3 Bxg3+ 15. hxg3
Qxg3+ 16. Ke2 Qxf3+ 17. Kd2 Qxh1 18. Nf2 Qh2 19. Be2 Qxf2 20. Qh1 Bg4 21. Qe1
Qxe2+ 22. Qxe2 Bxe2 23. Kxe2 Nc6 24. Nd2 Ng4 25. c4 Nb4 26. cxd5 Nxd5 27. Nc4 h5
28. Bd2 b6 29. b4 axb4 30. Ne5 Nxe5 31. dxe5 Rxe5 32. Kf2 Rf5+ 33. Kg3 f6 34.
Be1 Nxe3 35. Bxb4 Kf7 36. Re1 Rf3+ 37. Kh4 Rh8 38. Rxe3 g5# 0-1

[Event "Invitation"]
[Site "http://www.queenalice.com/game.php?id=1774751"]
[Date "2021.11.13"]
[Round "-"]
[White "stefancorr"]
[Black "AStephanou"]
[Result "1-0"]
[WhiteElo "1100"]
[BlackElo "1500"]

1. b3 e5 2. e4 Bc5 3. Nf3 Qf6 4. Qe2 Bd4 5. c3 Bc5 6. b4 Bd6 7. d4 exd4 8. cxd4
Bxb4+ 9. Bd2 Bxd2+ 10. Nbxd2 Nc6 11. Nb3 d6 12. Rd1 Bg4 13. Rd3 Bxf3 14. gxf3
Nb4 15. Re3 Nxa2 16. Qxa2 Nh6 17. h3 c6 18. d5 c5 19. Qc2 b6 20. Bb5+ Ke7 21.
Bc4 a5 22. Nd2 Qa1+ 23. Nb1 Qf6 24. Bb5 Qf4 25. Qa4 Qh4 26. Qc4 Qf4 27. Nd2 Qe5
28. Ke2 f6 29. h4 g6 30. Rh3 Kf7 31. Nb3 Kg7 32. Nd2 Kf7 33. Bc6 Ra7 34. Rh1 Ng8
35. Rd3 h5 36. Ke3 Ne7 37. f4 Nf5+ 38. Kf3 Nd4+ 39. Ke3 Qe7 40. Nb3 Nxb3 41.
Rxb3 Qc7 42. f3 Qe7 43. Rxb6 Kg7 44. Rb5 a4 45. Ra1 a3 46. Rb6 Qc7 47. Ra6 Rxa6
48. Qxa6 Rb8 49. Qxa3 c4 50. Qa7 Rb3+ 51. Kd2 Qxa7 52. Rxa7+ Kh6 53. Rf7 Rxf3
54. Rxf6 Kg7 55. Ke2 Rh3 56. Rxd6 c3 57. Ba4 Rxh4 58. Ke3 Rg4 59. e5 Kf7 60.
Rd7+ Kg8 61. e6 h4 62. e7 Kf7 63. d6 h3 64. Rc7 h2 65. e8=Q+ Kf6 66. Qf7# 1-0

[Event "Challenge"]
[Site "http://www.queenalice.com/game.php?id=1783072"]
[Date "2022.2.19"]
[Round "-"]
[White "AStephanou"]
[Black "stefancorr"]
[Result "0-1"]
[WhiteElo "1502"]
[BlackElo "1100"]

1. e4 g5 2. e5 d6 3. Qh5 h6 4. Nf3 Nc6 5. Bb5 Bd7 6. Nxg5 Nxe5 7. Qxf7+ Nxf7 8.
Ne6 Qc8 9. Nc3 c6 10. Nxf8 Kxf8 11. Bd3 Ne5 12. Be2 Nf6 13. b4 a6 14. Bb2 Nc4
15. Rb1 Nxb2 16. Rxb2 b5 17. h3 h5 18. O-O e5 19. Bf3 Qe8 20. Ne4 Nxe4 21. Bxe4
d5 22. Bf3 e4 23. Be2 Rg8 24. Re1 Qe5 25. a3 Qxb2 26. Bxh5 Qxc2 27. Bd1 Qxd2 28.
Kf1 d4 29. Re2 Qxd1+ 30. Re1 Qc2 31. g4 Rh8 32. Kg2 e3 33. Rf1 d3 34. Kg3 Qe2
35. fxe3+ Qxf1 36. h4 Qg1+ 37. Kf4 Qxg4+ 38. Ke5 Rh6 39. h5 Re8# 0-1